| 000 | 00482nam a2200217Ia 4500 | ||
|---|---|---|---|
| 008 | 210210b2005 xxu||||| |||| 00| 0 eng d | ||
| 020 | _a818147273X | ||
| 041 | _aeng | ||
| 082 | _a616.042 JORM | ||
| 100 | _aJORDE (Lynn B) | ||
| 245 | _aMedical Genetics Ed 3 | ||
| 260 |
_aMissouri _bMosby _c2005 |
||
| 300 | _axii--363 | ||
| 650 | _aMedical | ||
| 650 | _aGenetics | ||
| 650 | _aEd | ||
| 650 | _a3 | ||
| 690 | _aDiseases | ||
| 700 | _aCAREY (John C) | ||
| 906 | _a063552 | ||
| 999 |
_c136285 _d136285 |
||